Personnages Les Légendaires en images - Statistiques

Statistiques générales
  • Ce quiz a été pris 38 fois
  • Le résultat moyen est 9 sur 15
Statistiques - réponses
Par images Réponse % Correct
Gryfenfer
97%
Danaël
94%
Jadina
94%
Shimy
89%
Razzia
83%
Tenebris
78%
Darkhell
67%
Anathos
47%
Kalandre
44%
Elysio
42%
Toopie
42%
Halan
39%
Ikaël
39%
Kalisto Vangelis
28%
Kasino
25%
Aucun quiz correspondant
Distribution des résultats
% des personnes avec chaque résultat
Percentile par nombre de réponses
Votre historique - résultats
Vous n’avez pas pris ce quiz